Leer x leer : lecturas para estudiantes 1

Guardado en:
Formato: Libro
Publicado: Buenos Aires : Eudeba, 2004
Series:Plan Nacional de Lectura
Materias:
Etiquetas: Agregar Etiqueta
Sin Etiquetas, Sea el primero en etiquetar este registro!
LEADER 00696nam a22001935a 4500
001 CEM.cems011695
005 20110408105303.0
008 130507s2004##################000#0#####d
003 CEMS
082 0 4 |a 808.8 
245 0 0 |a Leer x leer :  |b lecturas para estudiantes 1 
260 |a Buenos Aires :  |b Eudeba,  |c 2004 
300 |a 189 p. 
490 0 |a Plan Nacional de Lectura 
505 0 |a El hombre de la isla / Robert L. Stevenson -- Arriad el foque / Ana María Shua -- El ciruelo / Bertold Brecht -- El anciano sin memoria / Javier Villafañe 
653 |a Literatura 
653 |a Literatura universal 
653 |a Antología-8º egb 
859 |a CEMS  |b BIB. CEMS - 11 de abril  |h 808.8  |i Ar37  |p 22652.04  |t Ej.1  |v 1  |3 1